| 000 | 01953nab a2200253 ab4500 | ||
|---|---|---|---|
| 005 | 20260630143010.0 | ||
| 008 | 260604b2025 sp tr poo| 0 0 spa d | ||
| 003 | |||
| 040 |
_aMX-MxUPN _bspa _cMX-MxUPN _eaacr2 |
||
| 100 | 1 |
_aDueñas Rello, Erik _960159 |
|
| 245 | 1 | 4 |
_aPreocupaciones existenciales y malestares socioemocionales : _bcomprendiendo los desafíos de la pospandemia _h[recurso electrónico en línea] |
| 506 | 0 | _aAcceso abierto | |
| 520 | 3 |
_aLa situación pospandémica ha profundizado en los problemas de salud mental y bienestar emocional en la sociedad española. Este artículo analiza la encuesta 3298 del Centro de Investigaciones Sociológicas (CIS) para comprender la incidencia de estas problemáticas, partiendo de una distinción conceptual entre sentimientos existenciales y malestares socioemocionales. Se fundamenta dicha distinción mediante la revisión bibliográfica de investigaciones sobre preocupaciones existenciales en los últimos cinco años, contribuyendo a una síntesis de diferentes aportaciones europeas. Se establece un modelo de ecuaciones estructurales que indaga en la estructura de relaciones entre las dos dimensiones y su relación con factores sociodemográficos. Los resultados indican que jóvenes, mujeres y personas con menor nivel formativo sufren un mayor impacto en problemas existenciales, así como la forma en que estos inciden en la manifestación de malestares socioemocionales. _cREIS |
|
| 653 | _aBienestar subjetivo | ||
| 653 | _aPreocupaciones existenciales | ||
| 653 | _aProblemas emocionales | ||
| 653 | _aModelo de ecuaciones estructurales | ||
| 653 | _aPospandemia | ||
| 773 |
_gNo. 192 (2025), p. 105-124 _tREIS: revista española de investigaciones sociológicas _x1988-5903 |
||
| 856 | 4 | _uhttps://reis.cis.es/index.php/reis/article/view/2354 | |
| 856 | 4 | _uhttps://reis.cis.es/index.php/reis/article/view/2354/2991 | |
| 902 | _aLeonor Sotres/300626 | ||
| 942 | _cART-E | ||
| 999 |
_c215476 _d215476 |
||